|
|
|
|
| LEADER |
00000nab a2200000 a 4500 |
| 001 |
vtls000475312 |
| 003 |
SK-MaSNL |
| 005 |
20260318122720.0 |
| 008 |
230217c1992 xo 0 eng |
| 015 |
|
|
|a SNBRB19rr/mm-uuuuu
|
| 035 |
|
|
|a CL0475446
|
| 035 |
|
|
|a urn:nbn:sk:snk-ab9xxs
|
| 035 |
|
|
|a (urnnbn)urn:nbn:sk:snk:ar-a0940q
|
| 035 |
|
|
|a (uuid)5366a5f4-b46d-4098-a38a-c926a79c79da
|
| 040 |
|
|
|a SNKBUCL
|b slo
|c SNKBUCL
|e AACR2
|
| 041 |
0 |
|
|a eng
|
| 044 |
|
|
|a xo
|c SK
|
| 080 |
|
|
|a 556.36
|2 1981
|
| 100 |
1 |
|
|a Lehocký, Ján,
|d 1934-2009
|4 aut
|9 245017
|
| 245 |
1 |
0 |
|a Springs in the Low Carpathians: comparison of two classifying criteria
|c Ján Lehocký hydrológ, Peter Tóth
|
| 300 |
|
|
|b Tab. 3, res. slov., lit. 4 zázn. v angl.
|
| 650 |
0 |
7 |
|a pramene horské
|2 snkbucl
|9 1114100
|
| 650 |
0 |
7 |
|a podzemné vody
|2 snkbucl
|9 3610
|
| 651 |
|
7 |
|a Malé Karpaty (Slovensko : pohorie)
|2 snkbucl
|9 17931
|
| 655 |
|
7 |
|a články z novín a časopisov
|2 snkbucl
|9 267496
|
| 700 |
1 |
|
|a Tóth, Peter
|4 aut
|
| 773 |
0 |
|
|t Ekológia (ČSFR)
|g Roč. 11, č. 2 (1992), s. 167-180
|
| 850 |
|
|
|a Slovenská národná knižnica v Martine
|a MTA001
|
| 852 |
|
|
|a SNK
|b KIS3GCP
|
| 958 |
|
|
|a NB
|
| 958 |
|
|
|a RK
|
| 958 |
|
|
|a OND
|
| 958 |
|
|
|a EUIPO
|
| 958 |
|
|
|a article13
|
| 992 |
|
|
|a RBX
|
| 999 |
|
|
|c 3147399
|d 3149329
|